000 00312nam a22001337a 4500
003 SGT
082 _a370
_bM13D
100 _aDUGGAL, K.P.
245 _aMEASUREMENT AND EVALUATION IN PSYCHOLOGY AND EDUCATION
260 _aNEW DELHI
_bSAURABH PUB
_c2013
300 _a272
650 _aEDUCATION
942 _2ddc
_cBK
999 _c12325
_d12325